|
|
|
|
| LEADER |
00000nem a2200000 a 4500 |
| 001 |
vtls001344992 |
| 003 |
SK-MaSNL |
| 005 |
20260301200713.0 |
| 007 |
aj cazzn |
| 008 |
210701s1998 xo r a 0 slo |
| 015 |
|
|
|a SNBC1999/01-00226
|
| 020 |
|
|
|a 808531486X
|
| 034 |
1 |
|
|a a
|b 50000
|
| 035 |
|
|
|a SNK000298201
|
| 035 |
|
|
|a 4B32BDD4-D2D1-402C-82BD-043F4ACDF116
|
| 035 |
|
|
|a urn:nbn:sk:snk-em008h3t
|
| 035 |
|
|
|a urn:nbn:sk:snk-em3lejz
|
| 040 |
|
|
|a SNK
|b slo
|c SNK
|e AACR2
|
| 041 |
0 |
|
|a slo
|
| 043 |
|
|
|a e-xo---
|
| 044 |
|
|
|a xo
|c SK
|
| 245 |
0 |
0 |
|a Vysvetlivky ku geologickej mape Tribeča 1:50 000
|h kartografický dokument
|c zostavil Ján Ivanička
|
| 260 |
|
|
|a Bratislava
|b Vydavateľstvo Dionýza Štúra
|c 1998
|
| 300 |
|
|
|a 247 s., 3 mp. príl.
|c 21 x 15 cm
|
| 490 |
1 |
|
|a Vysvetlivky k regionálnym geologickým mapám Slovenska
|
| 504 |
|
|
|a Bibliografia na s. 223-231
|
| 651 |
|
7 |
|a Tribeč (Slovensko : pohorie)
|2 SNKPHgeo
|9 164699
|
| 655 |
|
7 |
|a geologické mapy
|2 SNKPH
|9 73908
|
| 700 |
1 |
|
|a Ivanička, Ján,
|d 1942-
|4 com
|9 111811
|
| 830 |
|
0 |
|a Vysvetlivky k regionálnym geologickým mapám Slovenska
|9 332179
|
| 919 |
|
|
|a 80-85314-86-X
|
| 954 |
|
|
|a mapy pôvodné (slovenské)
|2 lita
|
| 958 |
|
|
|a NB
|
| 999 |
|
|
|c 891723
|d 893653
|
| 952 |
|
|
|t P60, <04>, [BOOK], {604}
|a SNK
|b SNK
|y VYP
|7 0
|p 17A0161167
|o snkSC 96909 D1
|i snkKSP 9525/98
|0 0
|1 0
|4 0
|d 1998-10-14
|l 0
|r 2005-01-02 00:00:00
|w 2026-02-24
|
| 952 |
|
|
|t P60, <03>, [BOOK], {603}
|a SNK
|b SNK
|y PREZ
|7 0
|p 17A0161168
|o snkSC 96909
|i snkKSP 9524/98
|0 0
|1 0
|4 0
|d 1998-10-14
|f 1
|l 0
|r 2025-09-16 00:00:00
|w 2026-02-24
|